El castillo de los destinos cruzados / (Registro nro. 4186)

Detalles MARC
000 -LEADER
fixed length control field 01014nam a2200241Ia 4500
003 - CONTROL NUMBER IDENTIFIER
control field OSt
005 - DATE AND TIME OF LATEST TRANSACTION
control field 20250729161259.0
008 - FIXED-LENGTH DATA ELEMENTS--GENERAL INFORMATION
fixed length control field 191128s2001 sp er 000 f spa d
020 ## - INTERNATIONAL STANDARD BOOK NUMBER
International Standard Book Number 8478444742
040 ## - CATALOGING SOURCE
Original cataloging agency CO-JMCR
Transcribing agency CO-JMCR
041 ## - LANGUAGE CODE
Language code of text/sound track or separate title spa
082 ## - DEWEY DECIMAL CLASSIFICATION NUMBER
Classification number J-C
Item number CALc
100 1# - MAIN ENTRY--PERSONAL NAME
Personal name Calvino, Italo,
Dates associated with a name 1923-1985
9 (RLIN) 10240
245 #0 - TITLE STATEMENT
Title El castillo de los destinos cruzados /
Statement of responsibility, etc. Italo Calvino ; traducción de Aurora Bernárdez
250 ## - EDITION STATEMENT
Edition statement Segunda edición
260 ## - PUBLICATION, DISTRIBUTION, ETC.
Place of publication, distribution, etc. Madrid :
Name of publisher, distributor, etc. Ediciones Siruela ;
Date of publication, distribution, etc. 2001
300 ## - PHYSICAL DESCRIPTION
Extent 147 páginas :
Other physical details ilustraciones en blanco y negro ;
Dimensions 22 cm.
505 ## - FORMATTED CONTENTS NOTE
Formatted contents note El castillo de los destinos cruzados -- El castillo -- Historia del ingrato gastigado -- Historia del alquimista que vendió -- Su alma -- Historia de la novia condenada -- Historia de un ladrón de sepulcros -- Historia de Orlando loco de amor.
546 ## - LANGUAGE NOTE
Language note II Castello dei destini incrociati
650 14 - SUBJECT ADDED ENTRY--TOPICAL TERM
Topical term or geographic name entry element Cuentos fantásticos
9 (RLIN) 10241
700 ## - ADDED ENTRY--PERSONAL NAME
Personal name Bernárdez, Aurora,
Relator term traductora
9 (RLIN) 10242
942 ## - ADDED ENTRY ELEMENTS (KOHA)
Source of classification or shelving scheme Dewey Decimal Classification
Koha item type Books
Existencias
Withdrawn status Lost status Source of classification or shelving scheme Materials specified (bound volume or other part) Damaged status Not for loan Home library Current library Date acquired Total Checkouts Full call number Barcode Date last seen Date last checked out Copy number Koha item type
    Dewey Decimal Classification Donación--24/08/2018--     Biblioteca Pública José María del Castillo y Rada Biblioteca Pública José María del Castillo y Rada 11/28/2019 3 J-C CALc 201809011 03/11/2024 03/11/2024 Ej.1 Books